OPAC Home

Messenger of The Sacred Heart Jan-Dec 1929 (Record no. 143841)

MARC details
000 -LEADER
fixed length control field 00561nam a2200169 4500
003 - CONTROL NUMBER IDENTIFIER
control field LK-CoDNM
005 - DATE AND TIME OF LATEST TRANSACTION
control field 20231205125910.0
008 - FIXED-LENGTH DATA ELEMENTS--GENERAL INFORMATION
fixed length control field 231205b |||||||| |||| 00| 0 eng d
020 ## - INTERNATIONAL STANDARD BOOK NUMBER
International Standard Book Number
040 ## - CATALOGING SOURCE
Original cataloging agency LK-CoDNM
Modifying agency LK-CoDNM
Description conventions LK-CoDNM
041 ## - LANGUAGE CODE
Language code of text/sound track or separate title English
942 ## - ADDED ENTRY ELEMENTS (KOHA)
Suppress in OPAC 0
Koha item type Books
245 ## - TITLE STATEMENT
Title Messenger of The Sacred Heart Jan-Dec 1929
Remainder of title ශුද්ධ වූ හදවතේ පණිවිඩකරු
246 ## - VARYING FORM OF TITLE
Title proper/short title Messenger of The Sacred Heart Jan-Dec 1929
260 ## - PUBLICATION, DISTRIBUTION, ETC. (IMPRINT)
Place of publication, distribution, etc. Colombo
Name of publisher, distributor, etc. Litrature Committee Of The Catholic Union Of Ceylon
Date of publication, distribution, etc. 1929
300 ## - PHYSICAL DESCRIPTION
Extent 299p;21cm
Holdings
Withdrawn status Lost status Damaged status Not for loan Permanent Location Current Location Date acquired Full call number Barcode Koha item type
        Library National Museum Colombo - Sri Lanka Library National Museum Colombo - Sri Lanka 2023-12-05 50 F 18 OB621 13 Books
Copyright © 2023 Department of National Museum, Colombo 07, Sri Lanka Funded by UNESCO IFAP UNESCO